Fr. Conceicao Rodrigues College of Engineering

Discovery of India (Record no. 17793)

MARC details
000 -LEADER
fixed length control field 00333nam a2200169Ia 4500
082 ## - DEWEY DECIMAL CLASSIFICATION NUMBER
Classification number 323.44/NEH
100 ## - MAIN ENTRY--PERSONAL NAME
Personal name Jawaharlal Nehru
245 ## - TITLE STATEMENT
Title Discovery of India
260 ## - PUBLICATION, DISTRIBUTION, ETC.
Name of publisher, distributor, etc. Penquin books
Date of publication, distribution, etc. 2004
366 ## - TRADE AVAILABILITY INFORMATION
Publishers's discount category 20
300 ## - PHYSICAL DESCRIPTION
Extent 642
546 ## - LANGUAGE NOTE
Language note ENGLISH
650 ## - SUBJECT ADDED ENTRY--TOPICAL TERM
Topical term or geographic name entry element Fiction
654 ## - SUBJECT ADDED ENTRY--FACETED TOPICAL TERMS
Focus term india
942 ## - ADDED ENTRY ELEMENTS (KOHA)
Koha item type BOOK
Holdings
Withdrawn status Lost status Damaged status Not for loan Collection Home library Current library Date acquired Source of acquisition Cost, normal purchase price Inventory number Total Checkouts Full call number Barcode Date last seen Cost, replacement price Price effective from Koha item type
        CRC Fr. Agnel's C.Rodrigues College of Engineering Fr. Agnel's C.Rodrigues College of Engineering 17/03/2023 Ane Books India 319.20 220 dt 17/10/2008   323.44/NEH 19046 17/03/2023 399.00   BOOK